000
00509nam a2200133Ia 4500
008
100328s9999 xx 000 0 und d
082
_b
61806
100
_a
हेडा ब्रिजमोहन-अनु.
245
_a
महात्मा गांधी अखेरच पर्व-3.
260
_b
पराग.
630
_a
महात्मा गांधी अखेरच पर्व-3.
730
_a
महात्मा गांधी अखेरच पर्व-3.
942
_c
BOOK
999
_c
547868
_d
547865